| 000 | 00735nam a22001817a 4500 | ||
|---|---|---|---|
| 999 |
_c372233 _d372233 |
||
| 008 | 201127b ||||| |||| 00| 0 eng d | ||
| 040 |
_aDE-2950 _bger _cDE-2950 _erda |
||
| 041 | _ager | ||
| 245 |
_aHart an der Grenze. _bBuhnen. Im Dezember 2022 verhängte ein polnisches Verwaltungsgericht einen Baustopp an der Oder. Wegen des Streits um die Umweltauflagen. die Bagger machen trotzdem weiter / _cNancy Waldmann |
||
| 264 | _c2023 | ||
| 653 | _aOder <Fluss> | ||
| 653 | _aAusbau | ||
| 773 |
_dFrankfurt (Oder) Märkisches Verlags- und Druckhaus GmbH & Co KG _tMärkische Oderzeitung _g34. Jahrgang (2023) Nr. 41 vom 17.02.2023, S.9: mit Foto |
||
| 942 | _cA | ||